北千住駅から出ている行き先 - Statistics

General Stats
  • This quiz has been taken 643 times
  • The average score is 43 of 55
Answer Stats
Answer % Correct
上野
97%
取手
95%
取手
95%
我孫子
94%
松戸
94%
品川
94%
我孫子
94%
松戸
94%
水戸
93%
代々木上原
93%
土浦
92%
92%
綾瀬
90%
中目黒
89%
つくば
89%
勝田
88%
北綾瀬
88%
秋葉原
87%
東武動物公園
84%
高萩
83%
浅草
83%
東武日光
82%
南栗橋
81%
守谷
81%
春日部
79%
押上
78%
久喜
78%
伊勢崎
78%
向ヶ丘遊園
76%
鬼怒川温泉
76%
成城学園前
75%
中央林間
75%
北越谷
74%
本厚木
73%
伊勢原
73%
相模大野
72%
明治神宮前
70%
箱根湯本
70%
長津田
69%
竹ノ塚
69%
草加
69%
北春日部
69%
館林
69%
南千住
68%
霞ケ関
66%
片瀬江ノ島
65%
会津田島
64%
太田
62%
八潮
60%
鷺沼
59%
新栃木
58%
成田
57%
六本木
57%
赤城
57%
葛生
47%
No matching quizzes found
Score Distribution
Percent of People with Each Score
Percentile by Number Answered
Your Score History
You have not taken this quiz